| 000 | 00718nam a2200253Ia 4500 | ||
|---|---|---|---|
| 003 | OSt | ||
| 005 | 20220928111629.0 | ||
| 006 | a|||||r|||| 00| 0 | ||
| 007 | ta | ||
| 008 | 220927b |||||||| |||| 00| 0 hin d | ||
| 020 | _c395 | ||
| 024 | _a126624 | ||
| 037 |
_b370, 16/02/2015, Vani Prakashan _cTextual |
||
| 040 |
_aSDCL _cSDCL _bhin |
||
| 041 |
_2hin _ahin |
||
| 082 | _aO157,3N62, Q4 | ||
| 100 |
_aNasreen Tasleema _9398792 |
||
| 245 | 0 | _aNirvasan (Aatmkatha-7) | |
| 260 |
_aNew Delhi _bVani prakashan _c2014 |
||
| 300 |
_a9;256p _ccm. |
||
| 650 |
_aHindi _9391598 |
||
| 942 |
_hO157,3N62, Q4 _cTEXL _2CC |
||
| 999 |
_c741140 _d741140 |
||